000
00194 a2200097 4500
020
_a
9781250145239
041
_a
eng
100
_a
Penny, Louise
245
_a
All the devils are here
942
_c
BK
999
_c
31684
_d
31682